000 00373nam a2200133Ia 4500
005 20260328101521.0
008 260328s9999||||xx |||||||||||||| ||und||
100 _aMedina Lasansky, D.
245 0 _aArquitectura y turismo :
_b Percepción, Representación y lugar /
_cD. Medina Lasansky
260 _bGustavo Gili
300 _a315 p.
650 _aARQUITECTURA
942 _cBK
999 _c9582
_d9582